000 01184nam a2200229Ia 4500
001 L700-57699
003 IT-CnALBA
008 170116s9999||||xx |||||||||||||| ||und||
040 _aIT-CnALBA
_cIT-CnALBA
041 _aITALIANO
100 _aSPADONI CLAUDIO
245 0 _aGILARDI PIERO.
250 _a1a ed.
260 _aMILANO
_bMAZZOTTA GABRIELE, EDITORE
_c1999 [1° Ed.:1999 - Ed.Ling.Originale: 1999]
300 _a140 p.
500 _aRAVENNA LOGGETTA LOMBARDA 20 GIUGNO 28 AGOSTO 1999. RASSEGNA ANTOLOGICA. DALL'ARTIFICIALE AL VIRTUALE. IL MISTERO DELL'ENERGIA. DALL'ARTE ALLA VITA. SPAZIO REALE E VIRTUALE. RITORNO AL GIARDINO. PIERO GILARDI E LA TECNOLOGIA. NOTIZIE BIO BIBLIOGRAFICHE. D
501 _aSocietà San Paolo EM - Piazza San Paolo, 14 - 12051 ALBA (CN) (non commercial uses only) ® Copyright 2017
520 _aRAVENNA LOGGETTA LOMBARDA 20 GIUGNO 28 AGOSTO 1999. RASSEGNA ANTOLOGICA. DALL'ARTIFICIALE AL VIRTUALE. IL MISTERO DELL'ENERGIA. DALL'ARTE ALLA VITA. SPAZIO REALE E VIRTUALE. RITORNO AL GIARDINO. PIERO GILARDI E LA TECNOLOGIA. NOTIZIE BIO BIBLIOGRAFICHE. D
650 _aBELLE ARTI-ARTI DECORATIVE
942 _cBK
957 _71
999 _a75199
_bNO
_g Copie: 1
_c316533
_d316533